书目信息 |
| 题名: |
一个画家笔下的45年纪实
|
|
| 作者: | 张克让 著 | |
| 分册: | ||
| 出版信息: | 北京 中国电力出版社 2008.01 |
|
| 页数: | 213页 | |
| 开本: | 24cm | |
| 丛书名: | 建筑画 | |
| 单 册: | ||
| 中图分类: | J224 | |
| 科图分类: | ||
| 主题词: | 钢笔画--gang bi hua--速写--中国--现代--作品集 | |
| 电子资源: | ||
| ISBN: | 978-7-5083-5741-6 | |
| 000 | 00958nam 2200265 450 | |
| 001 | 012008156135 | |
| 005 | 20080419162304.09 | |
| 010 | @a978-7-5083-5741-6@dCNY58.00 | |
| 100 | @a20080419d2008 em y0chiy0120 ea | |
| 101 | 0 | @achi |
| 102 | @aCN@b110000 | |
| 105 | @aac z 000yy | |
| 106 | @ar | |
| 200 | 1 | @a一个画家笔下的45年纪实@Ayi ge hua jia bi xia de 45 nian ji shi@e张克让钢笔速写@f张克让著@Fzhang ke rang zhu |
| 210 | @a北京@c中国电力出版社@d2008.01 | |
| 215 | @a213页@c图, 肖像@d24cm | |
| 225 | 2 | @a建筑画@Ajian zhu hua@v6 |
| 330 | @a本书整理收集了作者1962年以后的钢笔速写200余幅,以时间为主轴,图文并茂地记述作者的速写经历,也见证了祖国的大好河山和建设历程。 | |
| 410 | 0 | @12001 @a建筑画 |
| 517 | 1 | @a张克让钢笔速写@Azhang ke rang gang bi su xie |
| 606 | 0 | @a钢笔画@Agang bi hua@x速写@y中国@z现代@j作品集 |
| 690 | @aJ224@v4 | |
| 701 | 0 | @a张克让@Azhang ke rang@4著 |
| 801 | 0 | @aCN@bQSSK@c20080419 |
| 905 | @b292932-34@dJ224@eZ135@f3 | |
| 一个画家笔下的45年纪实:张克让钢笔速写/张克让著.-北京:中国电力出版社,2008.01 |
| 213页:图, 肖像;24cm.-(建筑画;6) |
| ISBN 978-7-5083-5741-6:CNY58.00 |
| 本书整理收集了作者1962年以后的钢笔速写200余幅,以时间为主轴,图文并茂地记述作者的速写经历,也见证了祖国的大好河山和建设历程。 |
| ● |
| 相关链接 |
|
|
|
正题名:一个画家笔下的45年纪实
索取号:J224/Z135
 
预约/预借
| 序号 | 登录号 | 条形码 | 馆藏地/架位号 | 状态 | 备注 |
| 1 | 292932 | 202929322 | 社科库309/309社科库 76排2列2层/ [索取号:J224/Z135] | 在馆 | |
| 2 | 292933 | 202929331 | 社科库309/309社科库 76排2列2层/ [索取号:J224/Z135] | 在馆 | |
| 3 | 292934 | 202929340 | 艺术设计学院资料室/ [索取号:J224/Z135] | 在馆 |